00274nam a2200097Ia 4500008004100000100002700041245004000068260004200108260000900150999001700159170620s9999 xx 000 0 und d aReddy- L. Venkateswara 0aMethods of Teaching Rural Sociology bNew Delhi- Discovery Publishing House c2004 c24476d24476